000 00418nam a2200145 i 4500
001 128920
003 ES-MaACL
007 t|
008 070530s1909 sp ||||1| spa d
100 1 _aTéllez y López, Juan.
_9109647
245 1 0 _aEnciclopedia de cultura general /
_cJuan Téllez y López.
260 _aMadrid :
_b[s.n.],
_c1909 (
_fBailly Ballière)
300 _a1364 p. ;
_c26 cm.
852 _aES-MaACL
_jC-887
999 _c128920
_d128920